000 00573nam a22001817a 4500
003 UA-OsUOA
001 15584
007 ta
008 20031118b un ||||| |||| 00| 0 ukr d
100 _aТищенко О.
942 _cSA
040 _aUA-OsUOA
_cUA-OsUOA
_dUA-OsUOA
245 _aУніформіст
_b[Про рівнянина С.Музичука, який займається реконструкцією ]
300 _aС.2
955 _a0
773 0 _w0
_tПогляд
_dРівне
_d2003
_g№3/26 верес./
650 7 _aКраєзнавча робота
_2UDC
999 _c301749
_d301749